Prison Break Characters - Season Three - Statistics

General Stats
  • This quiz has been taken 93 times
  • The average score is 11 of 15
Answer Stats
# Hint Answer % Correct
1 Mastermind of the escape from Sona prison Michael Scofield
100%
2 #1's brother, helps orchestrate the escape from the outside Lincoln Burrows
96%
6 Murderer and paedophile - manages to infiltrate #4's close circle T-Bag
96%
10 Ex-FBI agent and addict, integral to the escape Alex Mahone
93%
8 Former Fox River CO, finds #3 in the Sona sewers Brad Bellick
89%
14 #1's girlfriend, kept prisoner and 'beheaded' on #5's orders Dr Sara Tancredi
86%
15 #2's son, kept prisoner to ensure the escape of #3 LJ Burrows
84%
7 Becomes a gravedigger at Sona to help the escape Fernando Sucre
79%
5 Company agent that forces #1 and #2 to pull off the escape Gretchen Morgan
78%
3 Fisherman or company agent? #1 is forced to break him out of Sona James Whistler
73%
4 Prisoner that controlled Sona from the inside Lechero
69%
13 Leader of The Company General Jonathan Krantz
64%
9 #3's girlfriend - helps the escape from the outside Sophia Lugo
55%
11 One of #4's closest allies, but later tries to kill him Sammy Norino
48%
12 17-year-old inmate, obsessed with American culture and basketball Luis Gallego
33%
No matching quizzes found
Score Distribution
Percent of People with Each Score
Percentile by Number Answered
Your Score History
You have not taken this quiz